Zur Geschichte des Bergbaues im Waldenburger Berglande
| Titel: | Zur Geschichte des Bergbaues im Waldenburger Berglande |
|---|---|
| Verfasser: | |
| In: |
Verein für Geschichte Schlesiens: Zeitschrift des Vereins für Geschichte Schlesiens, Band 43 (1909), Seite 75-98 alle Artikel anzeigen |
| Veröffentlicht: | 1909 |
| Format: | Aufsatz |
| Sprache: | Deutsch |
X
alg: 39177428 001A $01999:11-11-16 001B $01999:26-04-21 $t20:12:23.000 001C $06050:19-11-16 $t08:45:13.000 001D $01999:11-11-16 001U $0utf8 001X $00 002@ $0Aox 003@ $039177428X 007A $039177428X $aHEB 007T $0Herda03025 010@ $ager 011@ $a1909 021A $aZur Geschichte des Bergbaues im Waldenburger Berglande 028A $aPflug $dKarl 031A $d43 $h75-98 $j1909 039B $aIn $8--Abvc--Verein für Geschichte Schlesiens [Tb1]. Zeitschrift des Vereins für Geschichte Schlesiens. - Breslau : Trewendt & Garnier, 1906-1943 $x190900000430000925 $9047252138 045F $a330.094385 $eDDC23BSB 045F/01 $a330.09 045F/03 $g4385 045T $a9,10 lok: 39177428 78 exp: 39177428 78 1 #EPN 201B/01 $019-04-17 $t10:23:06.000 201U/01 $0utf8 203@/01 $0787869201 208@/01 $a11-11-16 $be 209A/01 $a/ $f000 $x00 220C/01 $aTitelaufnehmer: cs 244Z/01 $2Trx $#Silesia $#Śląsk $#Sliezsko $#Slezsko $8--Trx--Schlesien $x01 $9391173987 244Z/01 $2Trx $#Waldenburg Land $#Waldenburger Land $#Ziemia Wałbrzyska $8--Trx--Wałbrzych$gziemia $x02 $9391217771 244Z/01 $aGeschichte 1366-1908 $x03 244Z/01 $2Trx $#kaevandus üldiselt $#kalnakasyba bendras $#mining $#bányászat általános $#górnictwo ogólnie $#baníctvo všeobecne $#hornictví všeobecně $#Tagebau $#górnictwo odkrywkowe $#povrchová ťažba $8--Trx--Bergbau$gallgemein $x04 $9391382624 244Z/01 $2Trx $8--Trx--Zeitschriftenaufsatz $x05 $9391384341 245Z/01 $a13.02 $x01 245Z/01 $a09.04 $x02 247C/01 $82080>Marburg/Lahn, Herder-Institut, Forschungsbibliothek, Bibliographieportal $9336309341
| LEADER | 00000caa a22000002c 4500 | ||
|---|---|---|---|
| 001 | 39177428X | ||
| 003 | DE-603 | ||
| 005 | 20210426201223.0 | ||
| 007 | tu | ||
| 008 | 161111s1909 xx |||| | u00||u|ger c | ||
| 035 | |a (DE-599)HEB39177428X | ||
| 040 | |a DE-603 |b ger |c DE-603 |d DE-603 | ||
| 041 | |a ger | ||
| 082 | 0 | 4 | |8 1\u |a 330.094385 |q DE-101 |2 23/BSB |
| 084 | |a 9,10 |2 ssgn | ||
| 085 | |8 1\u |b 330.09 | ||
| 085 | |8 1\u |z 2 |s 4385 | ||
| 100 | 1 | |a Pflug, Karl | |
| 245 | 0 | 0 | |a Zur Geschichte des Bergbaues im Waldenburger Berglande |
| 264 | 0 | |c 1909 | |
| 773 | 0 | 8 | |i In |a Verein für Geschichte Schlesiens |t Zeitschrift des Vereins für Geschichte Schlesiens |d Breslau : Trewendt & Garnier, 1906-1943 |g Band 43 (1909), Seite 75-98 |w (DE-603)047252138 |w (DE-600)200433-1 |
| 924 | 0 | |9 2080 |a (DE-603)787869201 |b DE-2080 |c HES |d d |g / | |


